000 00351nam a2200133Ia 4500
008 240624s9999 xx 000 0 und d
041 _aeng
082 _a658.15 BAH
100 _aBAHUGUNA BHAVNA
245 _aINTERNATIONAL FINANCIAL MANAGEMENT
260 _c2011
_aNew Delhi
_bCentrum Press
300 _avii, : 296 : p. : cm. ; 22
365 _cRS
_b20
999 _c16109
_d16109